Statistics for How I Met Your Mother Character Quiz

Click here to take the quiz!

General Stats

  • This quiz has been taken 3,952 times
  • The average score is 16 of 25

Answer Stats

HintAnswer% Correct
I'm the main character.Ted
100%
My hobby is painting.Lily
98%
I come from Minnesota.Marshall
97%
I am a TV reporter.Robin
97%
I met Ted at the urinal.Barney
96%
I left Ted at the altar.Stella
93%
I am a taxi driver.Ranjit
83%
I am a baker.Victoria
82%
I'm a waitress at McLaren's.Wendy
75%
I have a huge crush on Lily.Scooter
72%
I am a mix between a cockroach and a mouse.Cockamouse
69%
I'm a Robin's therapist and boyfriend.Kevin
67%
I'm Barney's brother.James
63%
I am a stripper.Quinn
57%
I am a friend of Marshall in law school.Brad
52%
I am Barney's girlfriend and I work with Robin.Nora
51%
I'm Barney's mother.Loretta
50%
I am against the demolition of the Arcadian.Zoey
50%
I am Stella's receptionist.Abby
42%
I invented a drink called ''Red Dragon''.Carl
42%
I come from Argentina.Gael
42%
I love boardgames.Mickey
29%
I wanna make out with Robin.Sandy
29%
I'm Barney's rebound bro.Randy
24%
I am Marshall's boss in our environmental law firm.Garrison Cootes
8%

Score Distribution

Percentile by Number Answered

Percent of People with Each Score

Your Score History

You have not taken this quiz